000 00490nam a22001577a 4500
003 OSt
005 20240419112300.0
008 240419b |||||||| |||| 00| 0 eng d
040 _cMRSPTU
100 _aAvtar Singh Pash (ਅਵਤਾਰ ਸਿੰਘ ਪਾਸ਼)
245 _aTuhadi Rashi Ki Khandi Hain? (ਤੁਹਾਡੀ ਰਾਸ਼ੀ ਕੀ ਕਹਿੰਦੀ ਹੈ?)
250 _a1st
260 _aPunjab
_bTarksheel Society Punjab
_c2000
300 _a80
942 _2ddc
_cBK
_n0
999 _c10109
_d10109